| 000 | 00378nam a22001697a 4500 | ||
|---|---|---|---|
| 005 | 20260509110413.0 | ||
| 008 | 160613b xxu||||| |||| 00| 0 eng d | ||
| 020 | _a81-203-1697-5 | ||
| 041 | _aeng | ||
| 082 | _a658.5 | ||
| 100 |
_aMoore, Ron _91791 |
||
| 245 | _aMaking Comon Sense, Comman Practice | ||
| 260 | _bPHI | ||
| 300 | _a348 | ||
| 650 | _aManagement | ||
| 942 | _cBK | ||
| 999 |
_c2516 _d2515 |
||